| 000 | 01496nam a22003611a 4500 | ||
|---|---|---|---|
| 999 |
_c28410 _d28381 |
||
| 001 | 015443457 | ||
| 003 | EG-ScBUE | ||
| 005 | 20200705092236.0 | ||
| 008 | 091204t2011 enka f b 001 0 eng d | ||
| 020 | _a9781856178181 (pbk.) | ||
| 020 | _a1856178188 (pbk.) | ||
| 040 |
_aStDuBDS _beng _erda _cStDuBDS _dUk _dEG-ScBUE |
||
| 082 | 0 | 4 |
_a394.2068 _bEVE _222 |
| 245 | 0 | 0 |
_aEvents management / _cGlenn A.J. Bowdin, Head, UK Centre for Events Management, Leeds Metropolitan University, UK [and four others] |
| 250 | _aThird edition. | ||
| 264 | 1 |
_aMilton Park, Abingdon, Oxon ; _aNew York, NY : _bRoutledge, Taylor and Francis Group, _c[2011] |
|
| 264 | 4 | _cc2011 | |
| 300 |
_axxxiv, 739 pages : _billustrations ; _c25 cm. |
||
| 336 |
_atext _2rdacontent _btxt |
||
| 337 |
_aunmediated _2rdamedia _bn |
||
| 338 |
_avolume _2rdacarrier _bnc |
||
| 490 | 0 | _aEvents management series | |
| 500 | _aPrevious ed.: 2006. | ||
| 504 | _aIncludes bibliographical references and index. | ||
| 520 | _aExploring the concepts involved in planning events, this study is designed to develop an understanding of the key issues which include: management, logistics, staging, marketing, promotion and post-event evaluation. | ||
| 650 | 7 |
_aSpecial events _zGreat Britain _xManagement. _2BUEsh |
|
| 650 | 7 |
_aCustoms and Folklore. _2BUEsh |
|
| 650 | 7 |
_aSpecial events _xManagement. _2BUEsh |
|
| 653 |
_bCOMAME _cJuly2020 |
||
| 655 |
_vReading book _934232 |
||
| 700 | 1 |
_aBowdin, G. A. J. _eauthor. |
|
| 942 |
_2ddc _cBB |
||